000 00755nam a2200217Ia 4500
003 GCL
008 140319s9999 xx 000 0 ara d
040 _aGCL /
_cGCL
082 0 4 _a842
_bم م
100 1 _aيوسف ابراهيم الجهمانى
245 1 0 _aموليير /
_cيوسف ابراهيم الجهمانى
700 1 _aمولاتولى، ف 0 م
250 _aالاولى
260 _aسوريا :
_bدار حوران للدراسات والطباعة والنشر والتوزيع ،
_c1994
300 _a159 ص ؛
_c20 سم
490 _aسلسلة ثقافات الشعوب
_v2
650 0 4 _aموليير
650 0 4 _aالمسرح - فرنسا
650 0 4 _aالادباء الفرنسيون - تراجم
942 _2ddc
_cBK
999 _c49697
_d49697